Library of the University of Algiers 3
Ibrahim Sultan Cheibout
شعار جامعة الجزائر 3
مكتبة جامعة الجزائر 3
إبراهيم سلطان شيبوط

أصول الفن المالي للإقتصاد العام : (رقم التسجيلة. 45488)

تفاصيل مارك
000 -LEADER
fixed length control field 01428nam a2200217Ia 4500
003 - CONTROL NUMBER IDENTIFIER
control field Ost
005 - DATE AND TIME OF LATEST TRANSACTION
control field 20260507075646.0
008 - FIXED-LENGTH DATA ELEMENTS--GENERAL INFORMATION
fixed length control field 260507s9999||||xx |||||||||||||| ||und||
020 ## - INTERNATIONAL STANDARD BOOK NUMBER
International Standard Book Number ×056328977
040 ## - CATALOGING SOURCE
Transcribing agency fsecg
041 ## - LANGUAGE CODE
Language code of text/sound track or separate title ara
082 ## - DEWEY DECIMAL CLASSIFICATION NUMBER
Classification number 336
100 ## - MAIN ENTRY--PERSONAL NAME
Personal name حشيش، عادل أحمد
Relator term مؤلف
245 #0 - TITLE STATEMENT
Title أصول الفن المالي للإقتصاد العام :
Remainder of title مدخل لدراسة أساسيات المالية العامة /
Statement of responsibility, etc. عادل أحمد حشيش
260 ## - PUBLICATION, DISTRIBUTION, ETC.
Place of publication, distribution, etc. الإسكندرية:
Name of publisher, distributor, etc. دارالجامعة الجديدة للنشر,
Date of publication, distribution, etc. 2001
300 ## - PHYSICAL DESCRIPTION
Extent 370 صفحة؛
Other physical details إيضاحات ؛
Dimensions 24 سم
520 ## - SUMMARY, ETC.
Summary, etc. مفاهيم ومرتكزات أساسية- بيان النفقة العامة- حجم النفقات العامة- ضوابط الإنفاق العام- إعتبار الأثار الإقتصادية للنفقات العامة- إيرادات الدولة الإقتصادية- ايرادات الدولة السياحية- ايرادات الدولة الإنتمائية- ماهية الميزانية العامة للدولة- دورة الميزانية العامة ومراحلها المختلفة- الإدماج المالي والإقتصادي والإجتماعي للميزانية العامة- الخدمات العامة والإنتاج العامة.
653 ## - INDEX TERM--UNCONTROLLED
Uncontrolled term الإقتصاد العام
653 ## - INDEX TERM--UNCONTROLLED
Uncontrolled term المالية العامة
942 ## - ADDED ENTRY ELEMENTS (KOHA)
Koha item type كتب
المقتنيات
Withdrawn status Lost status Source of classification or shelving scheme Damaged status Not for loan Home library Current library Date acquired Serial enumeration / chronology Inventory number Total checkouts Full call number Barcode Date last seen Price effective from Koha item type
    Dewey Decimal Classification   NOT LOAN / إعارة داخلية مكتبة كلية العلوم الإقتصادية والعلوم التجارية وعلوم التسيير مكتبة كلية العلوم الإقتصادية والعلوم التجارية وعلوم التسيير 07/05/2026 الطابق الأرضي 1/1608   أ/1608ن1 1/1608 07/05/2026 07/05/2026 كتب

موارد الويب المفتوحة


© University of Algiers 3 All Rights Reserved
|
Implemented by LECHELAH Riad